| 000 | 00758nam a2200229 a 4500 | ||
|---|---|---|---|
| 999 |
_c3472 _d3472 |
||
| 001 | 3472 | ||
| 003 | BD-JhCC | ||
| 005 | 20171119085051.0 | ||
| 008 | 171111s1985 bg |||| |||| 000 0 ben d | ||
| 035 | _a(BD-JhCC) | ||
| 040 |
_aBD-JhCC _dBD-JhCC |
||
| 041 | _aben | ||
| 082 |
_a935 _bBEG 1985 |
||
| 100 | _aবেগম, নূরুন নাহার | ||
| 245 |
_aমেসোপটেমীয় সভ্যতা / _cনূরুন নাহার বেগম |
||
| 260 |
_aঢাকা : _bবাংলা একাডেমী, _c১৯৮৫ |
||
| 300 |
_a90 p. : _c22 cm. |
||
| 490 | _aSeries in honour of the Martyrs of the Language Movement of February 1952. | ||
| 650 |
_aMesopotemian _xCivilization |
||
| 942 |
_2ddc _cBK |
||